MARC details
| 000 -LEADER |
| fixed length control field |
02136nam a2200277 i 4500 |
| 003 - CONTROL NUMBER IDENTIFIER |
| control field |
CSPC |
| 005 - DATE AND TIME OF LATEST TRANSACTION |
| control field |
20260310084226.0 |
| 008 - FIXED-LENGTH DATA ELEMENTS--GENERAL INFORMATION |
| fixed length control field |
260109s2023 ii b 001 0 eng d |
| 020 ## - INTERNATIONAL STANDARD BOOK NUMBER |
| International Standard Book Number |
9789385302909 |
| 040 ## - CATALOGING SOURCE |
| Original cataloging agency |
CSPC |
| Language of cataloging |
eng |
| Transcribing agency |
CSPC |
| Description conventions |
rda |
| 050 #4 - LIBRARY OF CONGRESS CALL NUMBER |
| Classification number |
HV40 |
| Item number |
.D83 2023 |
| 082 04 - DEWEY DECIMAL CLASSIFICATION NUMBER |
| Classification number |
361.3 |
| Item number |
D851p |
| 100 1# - MAIN ENTRY--PERSONAL NAME |
| Personal name |
Dubey, Shiv Suman, |
| Relator term |
author. |
| 245 10 - TITLE STATEMENT |
| Title |
Psychology and social work / |
| Statement of responsibility, etc. |
Shiv Suman Dubey. |
| 264 #1 - PRODUCTION, PUBLICATION, DISTRIBUTION, MANUFACTURE, AND COPYRIGHT NOTICE |
| Place of production, publication, distribution, manufacture |
Jaipur, India : |
| Name of producer, publisher, distributor, manufacturer |
Ishika Publishing House, |
| Date of production, publication, distribution, manufacture, or copyright notice |
2023. |
| 300 ## - PHYSICAL DESCRIPTION |
| Extent |
viii, 232 pages ; |
| Dimensions |
24 cm. |
| 336 ## - CONTENT TYPE |
| Source |
rdacontent |
| Content type term |
text |
| 337 ## - MEDIA TYPE |
| Source |
rdamedia |
| Media type term |
unmediated |
| 338 ## - CARRIER TYPE |
| Source |
rdacarrier |
| Carrier type term |
volume |
| 504 ## - BIBLIOGRAPHY, ETC. NOTE |
| Bibliography, etc. note |
Includes bibliographical references and index. |
| 505 0# - FORMATTED CONTENTS NOTE |
| Formatted contents note |
Introduction -- Scientific study of social psychology -- Psychology and professional social work -- Psychological changes in human development -- The scope of psychology -- Disciples of socialism -- Principles of social work. |
| 520 ## - SUMMARY, ETC. |
| Summary, etc. |
"Social work has its roots in the struggle of society to deal with poverty and the resultant problems. Therefore, social work is intricately linked with the idea of charity work; but must be understood in broader terms. The concept of charity goes back to ancient times, and the practice of providing for the poor has roots in all major world religions. Social workers, especially those trained for generic work, have not been satisfied with psychodynamic psychology, and have vigorously drawn attention to its limitations. The psychology of the working classes differ too greatly in respect of their particular trades, provinces, and surroundings, to be exposed in detail. It demand, moreover, a very long and laborious study, to which great faculties of observation would be necessary, and for these reasons probably it has never been attempted. The book is of tremendous significance for the people related to the field, researchers, students and teachers as well." -- Back cover |
| 650 #0 - SUBJECT ADDED ENTRY--TOPICAL TERM |
| Topical term or geographic name entry element |
Social work |
| General subdivision |
Psychological aspects. |
| 942 ## - ADDED ENTRY ELEMENTS (KOHA) |
| Source of classification or shelving scheme |
Dewey Decimal Classification |
| Suppress in OPAC |
No |
| Koha item type |
Books |
| Classification part |
361.3 |
| Item part |
D851p |
| Call number prefix |
CIR |
| Call number suffix |
2023 |